Online Catalogue and eLibrary

Violence and repression in Latin America : (Record no. 1327)

MARC details
000 -LEADER
fixed length control field 00274nam a2200097Ia 4500
008 - FIXED-LENGTH DATA ELEMENTS--GENERAL INFORMATION
fixed length control field 240331s9999 xx 000 0 und d
082 ## - DDC Classification
Item Number - Author Mark VIO
100 ## - MAIN ENTRY--PERSONAL NAME
Personal name McCamant, J.F.
245 #0 - TITLE STATEMENT
Title Violence and repression in Latin America :
Remainder of title A Quantitative and Historical Analysis
942 ## - Koha item type (Biblio)
Koha item type Books in Stacks (Lending)
Holdings
Lost status Damaged status Collection code Home library Current library Shelving location Date acquired Full call number Accession Number Item type
    Lending WERC Library WERC Library Social Science Cupboard 03/31/2024 303.6 VIO 1314 Books in Stacks (Lending)

© WERC Library